| 000 | 00527 a2200205 4500 | ||
|---|---|---|---|
| 005 | 20260204151906.0 | ||
| 008 | 260204b |||||||| |||| 00| 0 eng d | ||
| 020 |
_a9788197458538 _cRs. 2195.00 |
||
| 040 | _aMAIN | ||
| 082 |
_a352 _bA12C |
||
| 100 | _aAparna Singh | ||
| 245 | _aCivil society and good governance | ||
| 260 |
_bYking Books _c2025 _aJaipur |
||
| 300 | _ax, 278 | ||
| 650 | _aPublic Administration | ||
| 650 | _aCivil Society | ||
| 650 | _aGood Governance | ||
| 700 | _aRajeev Kumar Singh | ||
| 942 | _cBK | ||
| 999 |
_c394528 _d394528 |
||